| 000 | 00649nam a2200217Ia 4500 | ||
|---|---|---|---|
| 003 | OSt | ||
| 005 | 20251014165331.0 | ||
| 008 | 210210b1975 xxu||||| |||| 00| 0 eng d | ||
| 040 | _cAL | ||
| 041 | _aKannada | ||
| 082 | _a320K APAP | ||
| 100 |
_aAPARANJI (N R). _9143991 _dಅಪರಂಜಿ (ಎನ್ಆರ್) |
||
| 245 |
_aPolitical science. _bಪೊಲಿಟಿಕಲ್ ಸೈನ್ಸ್ |
||
| 260 |
_aGadaga _bVijaya buk dipo mattu prakashana _c1975 |
||
| 300 | _avi,162 | ||
| 650 |
_aPolitical science in Kannada _9143992 |
||
| 650 |
_a II PUC. _9242275 |
||
| 690 |
_aPolitical Theory _9143993 |
||
| 906 | _aSG00585 | ||
| 942 |
_2ddc _cBK |
||
| 999 |
_c112336 _d112336 |
||